LEADER 01733nam 2200373Ia 450 001 996386306803316 005 20221108005943.0 035 $a(CKB)4940000000082828 035 $a(EEBO)2240858098 035 $a(OCoLC)17893946 035 $a(EXLCZ)994940000000082828 100 $a19880504d1643 uy | 101 0 $aeng 135 $aurbn||||a|bb| 200 12$aA short view of the Antinomian errours$b[electronic resource] $ewith a briefe and plaine answer to them, as the heads of them lye in order in the next page of this book : being a nest of cursed errors hatched by hereticks, fed and nourished by their proselites : being taken as they were flying abroad were brought as the eagle doth her young ones to see if they could endure to looke upon the sun-beams of truth with fixed eyes, the which they could not : were presently adjudged to be a bastard brood, and their necks chopt off, and their carkasses throwne to the dunghill 210 $aLondon $cPrinted by T.B. for Ed. Blakmore and Tho. Bankes, and are to be sold at the Angell in Pauls Church-yard ...$d1643 215 $a[4], 35 p 300 $a"To the reader" signed: Thomas Bakewell. 300 $a"Imprimatur Ja. Cranford." 300 $aReproduction of original in the Huntington Library. 330 $aeebo-0113 606 $aAntinomianism 606 $aHeresies, Christian$xHistory$yModern period, 1500- 615 0$aAntinomianism. 615 0$aHeresies, Christian$xHistory 700 $aBakewell$b Thomas$fb. 1618 or 19.$01003030 801 0$bEAI 801 1$bEAI 801 2$bUMI 801 2$bWaOLN 906 $aBOOK 912 $a996386306803316 996 $aA short view of the Antinomian errours$92355855 997 $aUNISA LEADER 00617oas 2200193z- 450 001 9910136920803321 011 $a2297-9697 035 $a(DE-599)ZDB2863561-9 035 $a(CKB)3710000000718814 035 $a(EXLCZ)993710000000718814 100 $a20230214cuuuuuuuu -u- - 101 0 $aeng 200 00$aMitteilungen / Schweizerische Aktuarvereinigung = Bulletin / Association Suisse des Actuaires = Bulletin / Swiss Association of Actuaries 210 $cSchweizerische Aktuarvereinigung 311 $a1423-3657 906 $aJOURNAL 912 $a9910136920803321 996 $aMitteilungen$91921076 997 $aUNINA